| 000 | 00803nam a2200229 a 4500 | ||
|---|---|---|---|
| 001 | 000047651 | ||
| 003 | DO-SdBNP | ||
| 005 | 20220914145425.0 | ||
| 007 | ta | ||
| 008 | 180713s2015 000 spa d | ||
| 040 |
_aDO-SdBNP _bspa _cBNPHU |
||
| 082 |
_axxx _bC735 |
||
| 110 | 1 |
_aRepública Dominicana. _bMinisterio de Economía, Planificación y Desarrollo. _911141 _eVice-Ministerio de Planificación, Dirección General de Desarrollo Económico y Social |
|
| 245 | 1 | 0 | _a¿Cómo defenir un problema social y elaborar objetivos en proceso de planificación? |
| 260 |
_aSanto Domingo : _bMinisterio de Económia, Planificación y Desarrollo, _c2015 |
||
| 300 |
_a26 p. ; _c21 cm. |
||
| 590 | _aInventariado, 2022 / DG | ||
| 650 | 4 | _910507 | |
| 650 | 4 | _910508 | |
| 910 | _aDG | ||
| 942 |
_2ddc _cLF2 |
||
| 999 |
_c52395 _d52395 |
||